Estadísticas para Contar rápido- 1-100

Haz click aquí para tomar la prueba!

Estadísticas generales

  • Esta prueba ha sido tomada 47.297 veces
  • La puntuación promedio es 73 de 100

Estadísticas de respuestas

#% Correcto
1
100%
2
100%
3
99%
4
99%
5
99%
6
99%
7
99%
8
99%
9
98%
10
96%
11
96%
12
96%
13
96%
16
95%
15
95%
14
95%
17
94%
18
94%
19
94%
21
94%
23
94%
20
93%
22
93%
24
93%
28
92%
29
92%
26
92%
27
92%
25
92%
30
91%
31
91%
32
91%
34
91%
33
90%
35
89%
36
89%
37
89%
38
89%
39
88%
40
87%
41
87%
42
87%
43
86%
44
86%
45
86%
46
84%
47
84%
48
83%
49
82%
50
82%
51
80%
52
80%
55
79%
53
79%
54
79%
56
78%
57
75%
58
75%
59
74%
60
72%
61
71%
62
70%
63
69%
64
68%
65
67%
66
67%
67
65%
68
62%
69
61%
70
60%
71
59%
72
58%
73
57%
74
56%
77
54%
75
54%
76
53%
78
51%
79
48%
80
47%
81
46%
82
45%
83
44%
84
43%
85
42%
88
41%
86
40%
87
40%
89
37%
90
37%
91
35%
92
35%
93
34%
94
33%
95
32%
99
32%
96
31%
97
31%
98
30%
100
28%

Distribución de puntuación

Porcentaje por número respondido

Porcentaje de gente con cada puntuación

Historial de tus puntuaciones

No has tomado esta prueba